000 00278nam a22001337a 4500
008 170717b xxu||||| |||| 00| 0 eng d
020 _a9780140445589
041 _aeng
080 _a2
100 _a24
101 _aTEO
245 _aTHE KORAN
_cDAWOOD, N.J
942 _2udc
_cBK
999 _c21374
_d21374